Straight man : a novel / Richard Russo.
Available copies
- 2 of 2 copies available at LARL/NWRL Consortium. (Show)
- 1 of 1 copy available at Lake Agassiz Regional Library.
Current holds
0 current holds with 2 total copies.
Show Only Available Copies
| Location | Call Number / Copy Notes | Barcode | Shelving Location | Status | Due Date |
|---|---|---|---|---|---|
| Moorhead Public Library | Rus (Text) | 33500005085071 | Main | Available | - |
Record details
- ISBN: 0679432469
- ISBN: 9780375701900 (pbk.)
- Physical Description: 391 p. ; 24 cm.
- Publisher: New York : Random House, 1997.
| LDR | 00689cam a22002178a 4500 | ||
|---|---|---|---|
| 001 | 20201 | ||
| 003 | LARL_NWRL_CONSORTIUM | ||
| 005 | 20170315211506.0 | ||
| 008 | 961107s1997 nyu 000 1 eng | ||
| 010 | . | ‡a96048578 | |
| 020 | . | ‡a0679432469 | |
| 020 | . | ‡a9780375701900 (pbk.) | |
| 035 | . | ‡a(OCoLC)35927199 | |
| 035 | 0 | 0. | ‡ilcmarc/AVB-2952/DEBORAH |
| 040 | . | ‡aDLC ‡cDLC | |
| 082 | 0 | 0. | ‡a813/.54 ‡221 |
| 100 | 1 | . | ‡aRusso, Richard, ‡d1949- ‡0(LARL_NWRL_CONSORTIUM)89378 |
| 245 | 1 | 0. | ‡aStraight man : ‡ba novel / ‡cRichard Russo. |
| 260 | . | ‡aNew York : ‡bRandom House, ‡c1997. | |
| 300 | . | ‡a391 p. ; ‡c24 cm. | |
| 901 | . | ‡a20201 ‡bOCLC ‡c20201 ‡tbiblio | |

Add to basket
Permalink
Disable Highlighting